| 000 | 00343nam a2200145Ia 4500 | ||
|---|---|---|---|
| 008 | 230917s9999||||xx |||||||||||||| ||und|| | ||
| 040 |
_e108800 _aMAIN |
||
| 041 | _aEnglish | ||
| 082 | _a823.8 D772L | ||
| 100 | _aDoyee, Sir Arthur Conan | ||
| 245 | 0 | _aLost world | |
| 260 |
_aEngland _bPeuguin Books _c1981 |
||
| 300 | _a264 p. | ||
| 942 | _cBK | ||
| 999 |
_c82497 _d82497 |
||